000 00512nam a2200181Ia 4500
999 _c40229
_d40229
003 GCL
005 20240530103523.0
008 140319s9999 xx 000 0 ara d
040 _aGCL /
_cGCL
082 0 4 _a301.2
_bا س
100 1 _aالطاهر لبيب
245 1 0 _aسوسيولوجية الثقافة /
_cالطاهر لبيب
300 _a99 ص
490 _aالدراسات الخاصة
_v0
650 0 4 _aالثقافة
650 0 4 _aالانثربولوجيا الثقافية
942 _2ddc
_cBK